000 00403nam a2200181Ia 4500
001 455
005 20260306140519.0
008 260306t2002||||xx |||||||||||||| ||spa||
041 _aESP
082 _a121
_bC78
100 _aCorazón González, Rafael
_eAUT
245 0 _aFilosofía del conocimiento
260 _c2002
300 _a
_c
650 _aGEN
654 _aCHU
942 _cLIB
_dJUS
_fJUS
_2ddc
_n
999 _c455
_d455